000 00502nam a22001697a 4500
005 20251108171133.0
008 250721s1991 xx 000 0 ara d
082 1 4 _a210/عثي
100 1 _aالعثيمين، محمد بن صالح
245 1 0 _aالمنتقى من فرائد الفوائد /
264 1 _aالرياض :
_bدار الوطن للنشر،
_c1991.
300 _a262ص
650 1 7 _aالإسلام
650 1 7 _aالوعظ و الإرشاد
942 _2ddc
_cBK
999 _c57544
_d57544